04275cam a22003854i 4500999001700000001000900017003000900026005001700035008004100052020002500093040004200118082002000160245013600180264009500316300003000411336002600441337002800467338002700495490002300522504005100545505124600596520153001842650003303372650003803405651005003443651004403493653002503537655002403562700002803586700003803614700002803652906004503680942001203725952015203737 c28099d2807020043698EG-ScBUE20200215121543.0171002s2018 enk f b 001 0 eng d a9781138559349 (pbk.) aIEN/DLCbengerdacIENdDLCdEG-ScBUE04a320.96bAFR22200aAfrica's big men :bpredatory state-society relations in Africa /cedited by Kenneth Kalu, Olajumoke Yacob-Haliso and Toyin Falola. 1aMilton Park, Abingdon, Oxon ;aNew York, NY :bRoutledge, Taylor and Francis Group,c2018. axiii, 265 pages ;c25 cm. atext2rdacontentbtxt aunmediated2rdamediabn avolume2rdacarrierbnc0 aGlobal Africa ;v7 aIncludes bibliographical references and index.0 aIntroduction / Kenneth Kalu, Olajumoke Yacob-Haliso and Toyin Falola -- The postcolonial African state and its citizens / Kenneth Kalu -- Africas "big men" and the African state / Kenneth Kalu -- Women, inclusive citizenship and the African state / Cheryl O'Brien and Adryan Wallace -- Women's political empowerment and the politics of citizenship in Nigeria and Tanzania / Olajide A. Akanji -- Digital citizenship in Africa's fractured social order / Emmanuel Chijioke Ogbonna -- Civil society and the African state / Alex Ng'oma -- Youth and big men politics / Ngozi Nwogwugwu -- Culture and religion in Africa: social transformation and tools for exploitation / Susan Mbula Kilonzo -- Pastocracy: performing pentecostal politics in Africa / Abimbola Adunni Adelakun -- Ethnic identity politics and the sustenance of Africa's predatory state / Gashawbeza W. Bekele and Adebayo Oyebade -- Accountability theory and democracy in Nigeria / Olajumoke Yacob-Haliso and Adigun Agbaje -- State-society relations and nature of economic growth in Africa / Samuel Zalanga -- The social impact of Africa's predatory state-society relations / Samuel O. Oloruntoba -- Africa's "big men" in the continent's democratic experiments / Ernest Toochi Aniche. aThis book spotlights, analyzes and explains varying forms and patterns of state-society relations on the African continent, taking as point of departure the complexities created by the emergence, proliferation and complicated interactions of so-called 'big men' across Africa's fifty-four states. The contributors interrogate the evolution of Africa's big men; the role of the big men in Africa's political and economic development; and the relationship between the state, the big men and the citizens. Throughout the chapters the contributors engage with a number of questions from different disciplinary and methodological orientations. How did these states evolve to exhibit various deformities in their composition, functioning and in their relations with the societies that they governWhat roles did Atlantic and other slavery and European colonialism play in creating states that are unable to display the right and good relationships with citizens in civil societyWhy did these forms of predatory state-society relations continue to thrive in Africa after the end of Atlantic slave trade and subsequent colonialismWhy did the emerging African leaders at independence fail to effectively dismantle the structures of exploitation and expropriation that were the defining features of slavery and colonialismWho are Africa's 'big men', and what are their trajectoriesThis book is essential reading for all students and scholars of African politics, public policy and administration, political economy, and democratisation. 7aDictatorshipzAfrica.2BUEsh 7aPolitical culturezAfrica.2BUEsh 7aAfricaxPolitics and governmenty1960-2BUEsh 7aAfricaxSocial conditionsy1960-2BUEsh bBUSBOLcFebruary2020 vReading book9342321 aKalu, Kenneth,eeditor.1 aYacob-Haliso, Olajumoke,eeditor.1 aFalola, Toyin,eeditor. a7bcbccorignewd1eecipf20gy-gencatlg 2ddccBB 00102ddc40708AlahramaMAINbMAINc1STd2020-02-15ePurchaseg635.00h487l0o320.96 AFRp000048669r2025-07-15 00:00:00v793.75w2020-02-15yBB